000 00548nam a22001697a 4500
003 PILC
005 20150112093447.0
008 131014t xxu||||| |||| 00| 0 eng d
020 _a0072834390
050 _aT 385
_b.C667 2005
100 _aCoulthard, Glen J.
_929047
245 _aAdvantage Series :
_bMicrosoft Office Powerpoint 2003 /
_cGlen J. Coulthard ... [et,al.]
250 _aIntroductory ed.
260 _aNew York ;
_bMcGraw-Hill Technology Education .
_c2005.
300 _a407 pages :
_bcolored illustration ;
_c28 cm.
942 _2lcc
_cBK
999 _c14956
_d14956